[Event "BLR-chT U18"]
[Site "Gomel"]
[Date "2024.03.05"]
[Round "7.5"]
[White "Bendik, Margarita"]
[Black "Sidorenja, Milena"]
[Result "1-0"]
[WhiteElo "2000"]
[BlackElo "2000"]
[PlyCount "53"]
[EventDate "2024.03.01"]
[EventType "tourn"]
[EventRounds "7"]
[EventCountry "BLR"]
[SourceTitle "CB11_2024"]
[SourceDate "2024.03.13"]
[SourceVersion "1"]
[SourceVersionDate "2024.03.13"]
[SourceQuality "1"]

1. e4 e5 2. Nf3 d6 3. Nc3 c6 4. h3 Be7 5. d4 Nd7 6. Be3 Ngf6 7. Qd2 b5 8. Bd3 Bb7 9. Ne2 a6 10. Ng3 c5 11. c3 0-0 12. 0-0 Re8 13. a4 Qb6 14. Qe2 exd4 15. cxd4 c4 16. Bc2 Bf8 17. e5 Nd5 18. Bxh7+ Kxh7 19. Ng5+ Kg8 20. Qh5 N7f6 21. exf6 Nxf6 22. Qxf7+ Kh8 23. Nh5 Re7 24. Nxf6 gxf6 25. Qxf6+ Rg7 26. d5 Qd8 27. Nf7+ 1-0

[Event "BLR-chT U18"]
[Site "Gomel"]
[Date "2024.03.04"]
[Round "6.5"]
[White "Sidorenja, Milena"]
[Black "Dorashava, Viktoryia"]
[Result "1-0"]
[WhiteElo "2000"]
[BlackElo "2000"]
[PlyCount "123"]
[EventDate "2024.03.01"]
[EventType "tourn"]
[EventRounds "7"]
[EventCountry "BLR"]
[SourceTitle "CB11_2024"]
[SourceDate "2024.03.13"]
[SourceVersion "1"]
[SourceVersionDate "2024.03.13"]
[SourceQuality "1"]

1. a3 d5 2. d4 Nf6 3. Nf3 Bf5 4. Bf4 e6 5. c4 dxc4 6. Qa4+ Nbd7 7. Qxc4 c5 8. Nc3 a6 9. e3 Rc8 10. Rd1 cxd4 11. Qxd4 Bc5 12. Qa4 Ra8 13. Ne5 b5 14. Qb3 Qc8 15. Be2 Nxe5 16. Bxe5 Be7 17. 0-0 0-0 18. Rc1 Qe8 19. a4 Nd7 20. Bc7 Nc5 21. Qa2 b4 22. Nd1 Qxa4 23. Qxa4 Nxa4 24. Bf3 Ra7 25. Ba5 Rb8 26. e4 Bg6 27. Ne3 Nxb2 28. Bc7 Rf8 29. Ba5 Na4 30. Rfd1 Nc3 31. Rd4 Nb5 32. Rdc4 b3 33. Bb4 a5 34. Bxe7 Rxe7 35. Rc5 Na3 36. Nd1 a4 37. Ra5 Rb7 38. Rxa4 Nc2 39. Nb2 Rd8 40. h4 f6 41. Bd1 Rc8 42. Be2 Bf7 43. Ba6 Rbc7 44. Bxc8 Rxc8 45. Rd1 e5 46. Rd2 Nd4 47. Rb4 h6 48. Nd3 Rc3 49. Kh2 Bc4 50. Nb2 Be6 51. Rb7 Rc1 52. Nd3 Rc3 53. f4 Bc4 54. Nb2 Rc2 55. Nxc4 Rxc4 56. fxe5 fxe5 57. Rf2 Rc2 58. Rff7 b2 59. Rxg7+ Kf8 60. Rh7 Kg8 61. Rhd7 Nc6 62. Rdc7 1-0

[Event "BLR-ch sf (Women)"]
[Site "Minsk"]
[Date "2023.12.09"]
[Round "3"]
[White "Hoika, Liubou"]
[Black "Sidorenja, Milena"]
[Result "0-1"]
[WhiteElo "1050"]
[BlackElo "1636"]
[PlyCount "50"]
[EventDate "2023.12.07"]
[EventType "swiss"]
[EventRounds "9"]
[EventCountry "BLR"]
[SourceTitle "CB51_2023"]
[SourceDate "2023.12.20"]
[SourceVersion "1"]
[SourceVersionDate "2023.12.20"]
[SourceQuality "1"]

1. e4 c5 2. Nf3 Nc6 3. d4 cxd4 4. Nxd4 e5 5. Nb5 d6 6. N1c3 a6 7. Na3 b5 8. Nd5 Nge7 9. Be3 Nxd5 10. Qxd5 Bb7 11. Qd2 Be7 12. Be2 0-0 13. 0-0 Qc7 14. c4 b4 15. Nc2 a5 16. b3 Nd8 17. Qd3 Ne6 18. g3 Qc6 19. Bf3 f5 20. Qd5 Qd7 21. Qd3 f4 22. Bd2 Ng5 23. Bg2 f3 24. Rfe1 fxg2 25. Kxg2 Qh3+ 0-1

[Event "BLR-ch sf (Women)"]
[Site "Minsk"]
[Date "2023.12.08"]
[Round "2"]
[White "Sidorenja, Milena"]
[Black "Venskaya, Nika"]
[Result "0-1"]
[WhiteElo "1636"]
[BlackElo "1631"]
[PlyCount "52"]
[EventDate "2023.12.07"]
[EventType "swiss"]
[EventRounds "9"]
[EventCountry "BLR"]
[SourceTitle "CB51_2023"]
[SourceDate "2023.12.20"]
[SourceVersion "1"]
[SourceVersionDate "2023.12.20"]
[SourceQuality "1"]

1. e4 d6 2. d4 g6 3. Nc3 Bg7 4. Be3 c6 5. f3 Nf6 6. Qd2 h5 7. 0-0-0 b5 8. Kb1 Na6 9. h4 b4 10. Nce2 Qa5 11. Nc1 Rb8 12. Nh3 Nc7 13. Nb3 Qb6 14. e5 Nfd5 15. exd6 exd6 16. Bf4 Bf8 17. Re1+ Be6 18. Bc4 Kd7 19. Bd3 a5 20. Be4 Bg7 21. Rd1 a4 22. Nc1 Nc3+ 23. Ka1 Nxd1 24. Rxd1 a3 25. Ng5 axb2+ 26. Kxb2 f5 0-1

[Event "BLR-ch U20 Girls"]
[Site "Minsk"]
[Date "2023.04.12"]
[Round "7"]
[White "Abramkina, Veranika"]
[Black "Sidorenja, Milena"]
[Result "1-0"]
[WhiteElo "1734"]
[BlackElo "1649"]
[PlyCount "139"]
[EventDate "2023.04.12"]
[EventType "tourn"]
[EventRounds "9"]
[EventCountry "BLR"]
[SourceTitle "EXT 2024"]
[Source "ChessBase"]
[SourceDate "2023.10.10"]
[SourceVersion "1"]
[SourceVersionDate "2023.10.10"]
[SourceQuality "1"]

1. e4 c5 2. Nc3 e5 3. Bc4 g6 4. d3 Bg7 5. Nd5 Nc6 6. Ne2 Nge7 7. Bg5 h6 8. Be3 Nxd5 9. Bxd5 d6 10. Qd2 Qh4 11. 0-0-0 Ne7 12. Nc3 a6 13. f3 Rb8 14. g3 Qf6 15. Rdf1 b5 16. f4 b4 17. fxe5 Qxe5 18. Bxf7+ Kd8 19. Nd1 Bg4 20. Bf4 Qd4 21. Qe3 Kd7 22. Qxd4 Bxd4 23. h3 Be2 24. Re1 Bf3 25. Rh2 g5 26. Be3 Nc6 27. Bxd4 Nxd4 28. Ne3 Rhf8 29. Bg6 Rf6 30. Bf5+ Nxf5 31. Nxf5 Bh5 32. g4 Bf7 33. b3 Re8 34. Rhe2 Re5 35. Kd2 a5 36. Rh2 d5 37. exd5 Rxe1 38. Kxe1 Bxd5 39. Re2 Be6 40. Re5 Bxf5 41. gxf5 Kd6 42. d4 cxd4 43. Rxa5 Ke7 44. Re5+ Kf7 45. Rb5 Ra6 46. Rxb4 Rxa2 47. Kd2 Kf6 48. Rb6+ Kxf5 49. Rxh6 Ke4 50. Rh8 Ra1 51. Re8+ Kf4 52. Kd3 Rd1+ 53. Kc4 Rd2 54. b4 Rxc2+ 55. Kxd4 Rb2 56. Kc5 Rh2 57. Rh8 Kg3 58. Rh5 Rc2+ 59. Kb6 Kf4 60. b5 Rb2 61. Kc6 Rc2+ 62. Kb7 Rb2 63. b6 Rb3 64. Kc7 Rc3+ 65. Kb8 Rb3 66. b7 Rb1 67. Rh6 Kg3 68. Kc7 Rc1+ 69. Rc6 Rb1 70. Rb6 1-0

[Event "BLR-ch U20 Girls"]
[Site "Minsk"]
[Date "2023.04.12"]
[Round "1"]
[White "Danchanka, Zlata"]
[Black "Sidorenja, Milena"]
[Result "1-0"]
[WhiteElo "1745"]
[BlackElo "1649"]
[PlyCount "107"]
[EventDate "2023.04.12"]
[EventType "tourn"]
[EventRounds "9"]
[EventCountry "BLR"]
[SourceTitle "EXT 2024"]
[Source "ChessBase"]
[SourceDate "2023.10.10"]
[SourceVersion "1"]
[SourceVersionDate "2023.10.10"]
[SourceQuality "1"]

1. d4 g6 2. Nf3 Bg7 3. c4 d6 4. g3 b6 5. Bg2 Bb7 6. 0-0 Nd7 7. Nc3 Ngf6 8. Qc2 0-0 9. e4 e5 10. dxe5 dxe5 11. Rd1 Qe7 12. b3 Nc5 13. Ba3 Rad8 14. Re1 Rfe8 15. Nd5 Nxd5 16. cxd5 Bf8 17. Bb2 Bg7 18. b4 Na6 19. a3 Nb8 20. b5 a6 21. a4 Qd7 22. Qb3 Kh8 23. Ng5 h6 24. Bh3 Qe7 25. d6 Qxg5 26. dxc7 Qf6 27. cxd8Q Rxd8 28. Rad1 Rxd1 29. Qxd1 axb5 30. axb5 Bf8 31. Qa1 Bd6 32. Ba3 Kh7 33. Bxd6 Qxd6 34. Qc3 Nd7 35. Bxd7 Qxd7 36. Qxe5 Qd2 37. Qa1 Qb4 38. Qb1 Qxb1 39. Rxb1 Bxe4 40. Rd1 Kg7 41. Rd4 Bf5 42. Rd6 Kf8 43. f3 Be6 44. Kf2 Ke7 45. Rxb6 Bd5 46. Ke3 Kd7 47. f4 h5 48. Kd4 Bb3 49. Kc5 Kc7 50. Rc6+ Kb7 51. b6 Ba2 52. Rc7+ Kb8 53. Re7 Bb3 54. b7 1-0

[Event "BLR-ch U20 Girls"]
[Site "Minsk"]
[Date "2022.04.22"]
[Round "11"]
[White "Sidorenja, Milena"]
[Black "Khomich, Maryna"]
[Result "1-0"]
[WhiteElo "1620"]
[BlackElo "1618"]
[PlyCount "93"]
[EventDate "2022.04.13"]
[EventType "tourn"]
[EventRounds "11"]
[EventCountry "BLR"]
[SourceTitle "CBM 208 Extra"]
[Source "ChessBase"]
[SourceDate "2022.07.31"]
[SourceVersion "1"]
[SourceVersionDate "2022.07.31"]
[SourceQuality "1"]

1. e4 c6 2. Nc3 d5 3. Qf3 d4 4. Bc4 e6 5. Nce2 c5 6. d3 Nc6 7. Bd2 Ne5 8. Bb5+ Bd7 9. Bxd7+ Qxd7 10. Qg3 Ng6 11. f4 Nf6 12. Nf3 h5 13. 0-0 Be7 14. Ne5 h4 15. Nxd7 hxg3 16. Nxf6+ Bxf6 17. Nxg3 0-0 18. Nh5 Bd8 19. f5 Ne5 20. b4 Be7 21. f6 gxf6 22. bxc5 Nd7 23. Rab1 Rab8 24. Bb4 Kh7 25. c6 Bxb4 26. Rxb4 bxc6 27. Rxd4 Ne5 28. Nxf6+ Kg7 29. Nh5+ Kh6 30. Nf4 Rfe8 31. Ra4 Re7 32. d4 Ng4 33. Nd3 Rd7 34. c3 Rg8 35. Re1 Rb7 36. Ra6 Rc8 37. h3 Nf6 38. Re2 Rcc7 39. Ne5 c5 40. d5 Re7 41. d6 Rb1+ 42. Kh2 Reb7 43. Rf2 Nxe4 44. Rxf7 Rb8 45. d7 Re1 46. Rxe6+ Kh5 47. g4+ 1-0

[Event "BLR-ch U20 Girls"]
[Site "Minsk"]
[Date "2022.04.18"]
[Round "7"]
[White "Sidorenja, Milena"]
[Black "Poliakova, Varvara"]
[Result "0-1"]
[WhiteElo "1620"]
[BlackElo "2017"]
[PlyCount "148"]
[EventDate "2022.04.13"]
[EventType "tourn"]
[EventRounds "11"]
[EventCountry "BLR"]
[SourceTitle "CBM 208 Extra"]
[Source "ChessBase"]
[SourceDate "2022.07.31"]
[SourceVersion "1"]
[SourceVersionDate "2022.07.31"]
[SourceQuality "1"]

1. c4 e5 2. g3 Nf6 3. Bg2 d5 4. cxd5 Nxd5 5. Nc3 Nb6 6. e3 Nc6 7. a3 a5 8. Nge2 a4 9. 0-0 Be6 10. f4 Bb3 11. Qe1 exf4 12. gxf4 Be7 13. Qg3 0-0 14. d4 Nd5 15. Bd2 f5 16. Qf3 Nxc3 17. Bxc3 Bf6 18. Rac1 Qd7 19. Rfe1 Rad8 20. Ng3 g6 21. Nf1 Bh4 22. Re2 Bc4 23. Rd2 Bd5 24. Qxd5+ Qxd5 25. Bxd5+ Rxd5 26. Rdc2 Re8 27. Bd2 Rb5 28. Rb1 Be7 29. Rbc1 g5 30. fxg5 Bxg5 31. Rc5 Rxb2 32. Rxf5 h6 33. Rf2 Re7 34. Kg2 Ra2 35. Rb1 Nd8 36. Bb4 Rxf2+ 37. Kxf2 Rf7+ 38. Ke2 Bh4 39. Ng3 Ne6 40. Bc3 b6 41. Rb4 Ng5 42. Rxa4 Nf3 43. d5 Be7 44. Ra8+ Kh7 45. Nh5 Bg5 46. Rc8 Nxh2 47. Ng7 Ng4 48. Ne6 Bxe3 49. Rxc7 Rxc7 50. Nxc7 Bc5 51. Bb4 Bxb4 52. axb4 Ne5 53. d6 Kg6 54. Nd5 Nd7 55. Kf3 Kf5 56. Kg3 Ke6 57. Nxb6 Nxb6 58. Kg4 Kf6 59. Kh5 Kg7 60. b5 Nd7 61. Kh4 Kg6 62. Kg4 h5+ 63. Kh4 Kh6 64. Kh3 Kg5 65. Kg3 h4+ 66. Kh3 Kh5 67. Kh2 Kg4 68. Kg2 h3+ 69. Kh2 Kh4 70. Kh1 Kg3 71. Kg1 h2+ 72. Kh1 Nf6 73. d7 Ng4 74. d8Q Nf2# 0-1

[Event "BLR-ch U20 Girls"]
[Site "Minsk"]
[Date "2022.04.15"]
[Round "4"]
[White "Liavonava, Yuliya"]
[Black "Sidorenja, Milena"]
[Result "1-0"]
[WhiteElo "1481"]
[BlackElo "1620"]
[PlyCount "49"]
[EventDate "2022.04.13"]
[EventType "tourn"]
[EventRounds "11"]
[EventCountry "BLR"]
[SourceTitle "CBM 208 Extra"]
[Source "ChessBase"]
[SourceDate "2022.07.31"]
[SourceVersion "1"]
[SourceVersionDate "2022.07.31"]
[SourceQuality "1"]

1. c4 e6 2. Nc3 d5 3. d4 c6 4. Nf3 dxc4 5. a4 Bb4 6. e4 b5 7. Be2 a6 8. 0-0 Bb7 9. e5 Bxc3 10. bxc3 Ne7 11. Ng5 c5 12. Bf3 Qc7 13. axb5 0-0 14. b6 Qxb6 15. Qc2 g6 16. Rb1 Qd8 17. Bxb7 Ra7 18. Ne4 Qc7 19. Nxc5 Nd7 20. Nxd7 Qxd7 21. Be4 a5 22. Ba3 Rc8 23. Rb6 Nc6 24. Rfb1 a4 25. Bxc6 1-0

[Event "BLR-ch U20 Girls"]
[Site "Minsk"]
[Date "2022.04.13"]
[Round "2"]
[White "Zeliantsova, Kseniya"]
[Black "Sidorenja, Milena"]
[Result "1-0"]
[WhiteElo "1987"]
[BlackElo "1620"]
[PlyCount "45"]
[EventDate "2022.04.13"]
[EventType "tourn"]
[EventRounds "11"]
[EventCountry "BLR"]
[SourceTitle "CBM 208 Extra"]
[Source "ChessBase"]
[SourceDate "2022.07.31"]
[SourceVersion "1"]
[SourceVersionDate "2022.07.31"]
[SourceQuality "1"]

1. e4 c5 2. Nf3 a6 3. c4 d6 4. d4 Bg4 5. d5 e5 6. Nc3 Nd7 7. Be2 g6 8. 0-0 Bg7 9. Be3 Ne7 10. Ne1 Bxe2 11. Qxe2 0-0 12. Nd3 f5 13. f4 Qc7 14. Rad1 b6 15. fxe5 Nxe5 16. Nf4 Rfe8 17. Ne6 Qd7 18. Bg5 Nf7 19. Bxe7 Rxe7 20. exf5 gxf5 21. Rxf5 Rae8 22. Ne4 Nd8 23. Nxg7 1-0

[Event "BLR-ch U18 Girls"]
[Site "Orsha"]
[Date "2022.02.17"]
[Round "8"]
[White "Obukhava, Anastasiya"]
[Black "Sidorenja, Milena"]
[Result "1/2-1/2"]
[WhiteElo "1568"]
[BlackElo "1603"]
[PlyCount "71"]
[EventDate "2022.02.10"]
[EventType "swiss"]
[EventRounds "9"]
[EventCountry "BLR"]
[SourceTitle "CBM 207 Extra"]
[Source "ChessBase"]
[SourceDate "2022.05.31"]
[SourceVersion "1"]
[SourceVersionDate "2022.05.31"]
[SourceQuality "1"]

1. d4 d5 2. Nf3 c6 3. e3 f5 4. Be2 e6 5. b3 Nf6 6. Bb2 Bd6 7. c4 0-0 8. Nc3 Ne4 9. Qc2 Nd7 10. Nd2 a5 11. g3 Ndf6 12. f3 Nxc3 13. Bxc3 Bd7 14. 0-0-0 b5 15. c5 Bc7 16. f4 b4 17. Bb2 Ra7 18. h3 Qa8 19. g4 a4 20. Rdg1 axb3 21. axb3 Ra2 22. Bd3 Ne4 23. Nxe4 fxe4 24. Be2 g5 25. fxg5 e5 26. Qd2 Re8 27. Rf1 exd4 28. exd4 e3 29. Qd3 Re4 30. Rf3 Ra1+ 31. Bxa1 Qxa1+ 32. Qb1 Qc3+ 33. Qc2 Qa1+ 34. Qb1 Qc3+ 35. Qc2 Qa1+ 36. Qb1 1/2-1/2

[Event "BLR-ch (Women)"]
[Site "Minsk"]
[Date "2022.01.13"]
[Round "3"]
[White "Zeliantsova, Kseniya"]
[Black "Sidorenja, Milena"]
[Result "1-0"]
[WhiteElo "1953"]
[BlackElo "1546"]
[PlyCount "85"]
[EventDate "2022.01.11"]
[EventType "tourn"]
[EventRounds "9"]
[EventCountry "BLR"]
[SourceTitle "CBM 206 Extra"]
[Source "ChessBase"]
[SourceDate "2022.03.31"]
[SourceVersion "1"]
[SourceVersionDate "2022.03.31"]
[SourceQuality "1"]

1. e4 c5 2. Nf3 a6 3. Nc3 b5 4. g3 Bb7 5. Bg2 e6 6. d4 Nf6 7. Qe2 b4 8. Na4 Qa5 9. Nxc5 Bxc5 10. dxc5 Qxc5 11. Be3 Qe7 12. e5 Nd5 13. Bg5 Qc5 14. 0-0 0-0 15. Nd2 Qxc2 16. Be4 Qxb2 17. Qh5 g6 18. Qh4 Qxe5 19. Nc4 Qd4 20. Nd6 Bc6 21. Bh6 f5 22. Bxf8 Kxf8 23. Rad1 Qf6 24. Qh6+ Kg8 25. Bxd5 Bxd5 26. Ne8 Qf7 27. Nc7 Ra7 28. Nxd5 exd5 29. Rfe1 Nc6 30. Rxd5 Ra8 31. Red1 Rd8 32. Qd2 a5 33. Rxd7 Rxd7 34. Qxd7 Qxd7 35. Rxd7 a4 36. Rc7 Ne5 37. Kg2 a3 38. Rb7 Nd3 39. Kf3 Ne5+ 40. Kf4 Nc6 41. Kg5 Kf8 42. Rb6 Ne5 43. Rxb4 1-0

[Event "BLR-ch (Women)"]
[Site "Minsk"]
[Date "2022.01.11"]
[Round "1"]
[White "Ajusheva, Renata"]
[Black "Sidorenja, Milena"]
[Result "1/2-1/2"]
[WhiteElo "1624"]
[BlackElo "1546"]
[PlyCount "61"]
[EventDate "2022.01.11"]
[EventType "tourn"]
[EventRounds "9"]
[EventCountry "BLR"]
[SourceTitle "CBM 206 Extra"]
[Source "ChessBase"]
[SourceDate "2022.03.31"]
[SourceVersion "1"]
[SourceVersionDate "2022.03.31"]
[SourceQuality "1"]

1. c4 e6 2. Nf3 d5 3. e3 c6 4. Be2 f5 5. Nc3 Nf6 6. b3 Bd6 7. Bb2 0-0 8. Qc2 a6 9. a3 b5 10. 0-0 Ra7 11. c5 Bc7 12. Na2 Qe7 13. Ne5 Nfd7 14. Nxd7 Nxd7 15. d4 Rf6 16. f4 Rh6 17. Bf3 g5 18. g3 Rg6 19. Kh1 g4 20. Be2 h5 21. Kg2 h4 22. Rh1 Nf6 23. Bd3 Qh7 24. Nc3 Bb8 25. Qd1 Rf7 26. Ne2 Ne4 27. Bxe4 fxe4 28. Bc3 Rgf6 29. Qc1 Rf8 30. Rb1 Qh5 31. b4 1/2-1/2

[Event "BLR-ch (Women)"]
[Site "Minsk"]
[Date "2021.12.15"]
[Round "7"]
[White "Sidorenja, Milena"]
[Black "Liashkevich, Lizaveta"]
[Result "1-0"]
[WhiteElo "1510"]
[BlackElo "1569"]
[PlyCount "85"]
[EventDate "2021.12.09"]
[EventType "swiss"]
[EventRounds "9"]
[EventCountry "BLR"]
[SourceTitle "EXT 2023"]
[Source "ChessBase"]
[SourceDate "2022.10.05"]
[SourceVersion "1"]
[SourceVersionDate "2022.10.05"]
[SourceQuality "1"]

1. e4 c5 2. c3 d5 3. exd5 Qxd5 4. d4 Nf6 5. Nf3 Bg4 6. Be2 e6 7. 0-0 Nc6 8. Be3 cxd4 9. cxd4 Be7 10. Nc3 Qd6 11. a3 0-0 12. Qd2 Rfd8 13. Rfd1 Rac8 14. Rac1 Qb8 15. Qe1 Bf8 16. h3 Bh5 17. Kh1 Ne7 18. Ne5 Bxe2 19. Qxe2 Ned5 20. Nxd5 Nxd5 21. Qh5 Rc7 22. Rxc7 Qxc7 23. Rc1 Qe7 24. Bd2 f6 25. Nd3 Qd7 26. Qe2 Bd6 27. Re1 Re8 28. Qg4 b6 29. Kg1 a5 30. Kh1 Bc7 31. Nf4 f5 32. Qf3 Qd6 33. g3 Nf6 34. Bc3 Ne4 35. Kg2 Ng5 36. Qh5 Qc6+ 37. d5 Qd7 38. Qxg5 e5 39. Nh5 Qxd5+ 40. Kg1 Qf7 41. g4 h6 42. Qxf5 Qd5 43. Qg6 1-0

[Event "Minsk ODM Team Cup U16"]
[Site "Minsk"]
[Date "2021.??.??"]
[Round "6.5"]
[White "Norman, Kseniya"]
[Black "Sidorenja, Milena"]
[Result "1/2-1/2"]
[WhiteElo "1915"]
[BlackElo "1573"]
[PlyCount "133"]
[EventDate "2021.03.01"]
[EventType "team-tourn"]
[EventRounds "7"]
[EventCountry "BLR"]
[SourceTitle "EXT 2022"]
[Source "ChessBase"]
[SourceDate "2021.10.06"]
[SourceVersion "1"]
[SourceVersionDate "2021.10.06"]
[SourceQuality "1"]
[WhiteTeam "Grodnensk Region"]
[BlackTeam "Brest Region"]
[WhiteTeamCountry "BLR"]
[BlackTeamCountry "BLR"]

1. c4 c6 2. g3 Nf6 3. Nf3 e6 4. Bg2 d5 5. 0-0 Be7 6. cxd5 exd5 7. d4 0-0 8. Nc3 Bf5 9. a3 Nbd7 10. Qb3 Qb6 11. Qxb6 axb6 12. Nh4 Bc2 13. Bh3 Rfe8 14. Bd2 b5 15. Na2 Nb6 16. Nf5 Bf8 17. Ne3 Bg6 18. Bb4 Ne4 19. Bxf8 Kxf8 20. Rfd1 Na4 21. b3 Nac3 22. Nxc3 Nxc3 23. Re1 Re4 24. Rac1 Na2 25. Ra1 Rxa3 26. Nc2 Ra6 27. f4 h6 28. f5 Bh7 29. Bg2 Re8 30. g4 g6 31. e4 dxe4 32. Bxe4 gxf5 33. gxf5 f6 34. Bd3 Bg8 35. Rxe8+ Kxe8 36. Re1+ Kd7 37. Ne3 h5 38. Bc2 Nb4 39. Bd1 Ra1 40. Ng2 Bf7 41. Rf1 Nd5 42. h4 Nc3 43. Bf3 Ra2 44. Nf4 Rd2 45. Bxh5 Bxh5 46. Nxh5 Rxd4 47. Nxf6+ Ke7 48. Nh7 Rg4+ 49. Kf2 Nd5 50. Re1+ Kd8 51. Ng5 Rxh4 52. Nf7+ Kd7 53. Ne5+ Kc7 54. Ng6 Rd4 55. Kf3 c5 56. Re6 Kd7 57. Nf8+ Kd8 58. Ng6 c4 59. bxc4 bxc4 60. f6 Nxf6 61. Rxf6 c3 62. Ke2 b5 63. Nf4 Ke7 64. Rf5 b4 65. Nd3 Ke6 66. Rc5 Kd6 67. Rc8 1/2-1/2

[Event "Wch-ch U10 Girls rapid"]
[Site "Minsk"]
[Date "2019.08.16"]
[Round "4"]
[White "Sidorenja, Milena"]
[Black "Nurgaliyeva, Zarina"]
[Result "0-1"]
[WhiteElo "1298"]
[BlackElo "1549"]
[PlyCount "166"]
[EventDate "2019.08.16"]
[EventType "swiss (rapid)"]
[EventRounds "9"]
[EventCountry "BLR"]
[SourceTitle "EXT 2020"]
[Source "ChessBase"]
[SourceDate "2019.10.17"]
[SourceVersion "1"]
[SourceVersionDate "2019.10.17"]
[SourceQuality "1"]

1. e4 e5 2. Nf3 Nc6 3. d4 exd4 4. c3 d5 5. exd5 Qxd5 6. cxd4 Nf6 7. Nc3 Bb4 8. Bd2 Bxc3 9. Bxc3 Bg4 10. Be2 0-0 11. 0-0 Rad8 12. Qd3 Bf5 13. Qb5 Be4 14. Qxd5 Rxd5 15. Rad1 Rfd8 16. Ne5 Nxd4 17. Bc4 Rxe5 18. Bxd4 Ree8 19. Bc3 Bc2 20. Rde1 Rxe1 21. Rxe1 Kf8 22. Bb4+ Kg8 23. h3 Rd1 24. Rxd1 Bxd1 25. Bc5 b6 26. Be3 Kf8 27. Bf4 c6 28. Bd3 b5 29. g4 Nd5 30. Bb8 a5 31. Bd6+ Ke8 32. b3 Kd7 33. Be5 g6 34. Bb2 Nb4 35. Bb1 Bc2 36. Bxc2 Nxc2 37. f4 Nb4 38. a3 Nd3 39. Bc3 b4 40. axb4 axb4 41. Bd2 c5 42. Kf1 Kc6 43. Ke2 Nb2 44. Bc1 Na4 45. bxa4 c4 46. Kd2 Kb6 47. Kc2 Ka5 48. Bd2 Kxa4 49. h4 Kb5 50. h5 c3 51. Bxc3 bxc3 52. Kxc3 gxh5 53. gxh5 Kc5 54. Kd3 Kd5 55. Ke3 f5 56. Kf3 Kd4 57. h6 Kd3 58. Kg3 Ke3 59. Kg2 Kxf4 60. Kf2 Kg5 61. Kg3 Kxh6 62. Kf4 Kg6 63. Kg3 Kg5 64. Kf3 h5 65. Kg3 f4+ 66. Kf2 Kg4 67. Kg2 h4 68. Kf2 h3 69. Kg1 Kf3 70. Kh1 Ke2 71. Kh2 f3 72. Kxh3 f2 73. Kg4 f1Q 74. Kg5 Qf3 75. Kg6 Qf4 76. Kg7 Qf5 77. Kg8 Qf6 78. Kh7 Qg5 79. Kh8 Kf3 80. Kh7 Kf4 81. Kh8 Kf5 82. Kh7 Kf6 83. Kh8 Qg7# 0-1

[Event "EU-ch U10 Girls"]
[Site "Bratislava"]
[Date "2019.08.09"]
[Round "8"]
[White "Bendik, Margarita"]
[Black "Sidorenja, Milena"]
[Result "0-1"]
[WhiteElo "1188"]
[BlackElo "1573"]
[PlyCount "78"]
[EventDate "2019.08.02"]
[EventType "swiss"]
[EventRounds "9"]
[EventCountry "SVK"]
[SourceTitle "EXT 2020"]
[Source "ChessBase"]
[SourceDate "2019.10.17"]
[SourceVersion "1"]
[SourceVersionDate "2019.10.17"]
[SourceQuality "1"]

1. e4 c5 2. Nf3 e6 3. d4 cxd4 4. Nxd4 Nf6 5. Bd3 Nc6 6. Nxc6 bxc6 7. 0-0 Be7 8. c4 d6 9. Nc3 0-0 10. Qc2 h6 11. Re1 Ng4 12. h3 Ne5 13. Bf1 Bg5 14. Rd1 Ng6 15. Bxg5 Qxg5 16. Rxd6 Nf4 17. Kh1 e5 18. Rxc6 f5 19. g3 Ne6 20. Qc1 f4 21. Ne2 fxg3 22. fxg3 Qg6 23. Qe3 Bb7 24. Rd6 Bxe4+ 25. Kh2 Rf3 26. Qg1 Raf8 27. Bg2 Rf2 28. Nf4 R8xf4 29. Rxe6 Qxe6 30. gxf4 Rxg2+ 31. Qxg2 Bxg2 32. Kxg2 exf4 33. Rf1 Qe2+ 34. Rf2 Qxc4 35. a3 g5 36. Kf3 Qd3+ 37. Kg2 h5 38. a4 Qg3+ 39. Kf1 Qxh3+ 0-1

[Event "EU-ch U10 Girls"]
[Site "Bratislava"]
[Date "2019.08.07"]
[Round "6"]
[White "Seyhan, Pelin"]
[Black "Sidorenja, Milena"]
[Result "0-1"]
[WhiteElo "1357"]
[BlackElo "1573"]
[PlyCount "78"]
[EventDate "2019.08.02"]
[EventType "swiss"]
[EventRounds "9"]
[EventCountry "SVK"]
[SourceTitle "EXT 2020"]
[Source "ChessBase"]
[SourceDate "2019.10.17"]
[SourceVersion "1"]
[SourceVersionDate "2019.10.17"]
[SourceQuality "1"]

1. b3 d5 2. e4 d4 3. Bb2 c5 4. Nf3 a6 5. g3 Bg4 6. Bg2 Nc6 7. h3 Bh5 8. d3 e6 9. Nbd2 Bd6 10. Nc4 Bc7 11. g4 Bg6 12. a3 Nge7 13. Qd2 b5 14. Qg5 bxc4 15. Qxc5 cxd3 16. cxd3 Bb6 17. Qg5 0-0 18. h4 h6 19. Qf4 Bh7 20. h5 f5 21. gxf5 exf5 22. exf5 Rxf5 23. Qg3 Bc7 24. Qg4 Rf4 25. Qe6+ Kh8 26. Nh4 Qf8 27. Bxc6 Nxc6 28. Qxc6 Re8+ 29. Kd1 Rxf2 30. Bxd4 Qe7 31. Qxe8+ Qxe8 32. Bxf2 Qxh5+ 33. Kd2 Qd5 34. d4 Qxb3 35. Be3 Qc2+ 36. Ke1 Bd3 37. Ng6+ Kh7 38. Nf8+ Kg8 39. Bd2 Bg3# 0-1

[Event "EU-ch U10 Girls"]
[Site "Bratislava"]
[Date "2019.08.06"]
[Round "5"]
[White "Goriachkina, Oksana"]
[Black "Sidorenja, Milena"]
[Result "1-0"]
[WhiteElo "1411"]
[BlackElo "1573"]
[PlyCount "71"]
[EventDate "2019.08.02"]
[EventType "swiss"]
[EventRounds "9"]
[EventCountry "SVK"]
[SourceTitle "EXT 2020"]
[Source "ChessBase"]
[SourceDate "2019.10.17"]
[SourceVersion "1"]
[SourceVersionDate "2019.10.17"]
[SourceQuality "1"]

1. d4 d5 2. Bf4 c6 3. e3 e6 4. c3 f5 5. Nf3 Nf6 6. Bd3 Be7 7. 0-0 0-0 8. h3 Ne4 9. Nbd2 Nd7 10. Ne5 Qe8 11. c4 Rf6 12. f3 Nd6 13. Nxd7 Bxd7 14. Qb3 Qh5 15. c5 Ne8 16. Qxb7 Rd8 17. Qxa7 Rg6 18. Kf2 Nf6 19. g4 Qh4+ 20. Bg3 Qh6 21. Qa4 Rf8 22. Qc2 Qxh3 23. Rh1 Nxg4+ 24. fxg4 fxg4+ 25. Bf4 Bh4+ 26. Kg1 Bf2+ 27. Kxf2 g3+ 28. Kg1 Qg4 29. Bxg6 hxg6 30. Qd1 Rxf4 31. Qxg4 Rxg4 32. a4 Bc8 33. b4 Ba6 34. Kg2 e5 35. Nf3 exd4 36. Nxd4 1-0

[Event "EU-ch U10 Girls"]
[Site "Bratislava"]
[Date "2019.08.04"]
[Round "3"]
[White "Sidorenja, Milena"]
[Black "Alexandri, Vasiliki"]
[Result "1-0"]
[WhiteElo "1573"]
[BlackElo "1106"]
[PlyCount "123"]
[EventDate "2019.08.02"]
[EventType "swiss"]
[EventRounds "9"]
[EventCountry "SVK"]
[SourceTitle "EXT 2020"]
[Source "ChessBase"]
[SourceDate "2019.10.17"]
[SourceVersion "1"]
[SourceVersionDate "2019.10.17"]
[SourceQuality "1"]

1. e4 Nf6 2. e5 Nd5 3. Bc4 Nb6 4. Bb3 e6 5. Nf3 Nc6 6. d4 d6 7. 0-0 dxe5 8. dxe5 Qxd1 9. Rxd1 Nd7 10. Bf4 h6 11. Nc3 g5 12. Bg3 g4 13. Nb5 Kd8 14. Nfd4 Nxd4 15. Rxd4 a6 16. Bh4+ Be7 17. Bxe7+ Kxe7 18. Nxc7 Ra7 19. Rxg4 Nxe5 20. Re4 Nc6 21. Nd5+ Kd6 22. Nf4 b5 23. Rd1+ Kc7 24. Nh5 Na5 25. Nf6 Nxb3 26. cxb3 Kb8 27. Red4 Rc7 28. R4d2 h5 29. h3 Rh6 30. Ne8 Rc5 31. Nd6 Rh7 32. b4 Rc6 33. a3 Rc7 34. Ne8 Rc4 35. Rd8 Rh8 36. R1d7 Rf8 37. b3 Rc1+ 38. Kh2 Rc3 39. Nd6 Rxd8 40. Rxd8 Rc7 41. Rh8 Rc6 42. Nxf7 Kc7 43. Rxh5 Rc3 44. Rc5+ Rxc5 45. bxc5 Kc6 46. b4 Kd5 47. Nd6 e5 48. Nxc8 Kc6 49. Nd6 Kd5 50. g4 e4 51. h4 Kd4 52. g5 e3 53. fxe3+ Kxe3 54. g6 Kd3 55. g7 Kd4 56. g8Q Kc3 57. Qd5 Kb2 58. Qd3 Ka1 59. Qd2 Kb1 60. Ne4 Ka1 61. Nc3 a5 62. Qa2# 1-0